| 000 | 00397nam a22001571a 4500 | ||
|---|---|---|---|
| 020 | _a9788170209690 | ||
| 082 |
_a910.309 548 2 _bFRA/M |
||
| 100 |
_aFrancis W _9117154 |
||
| 245 |
_aMadura gazetteer/ _cby Francis W |
||
| 260 |
_aNew Delhi: _bCosmo, _c2000. |
||
| 300 | _a353p. | ||
| 650 |
_aGazetteer Madura _9117155 |
||
| 650 |
_aGazatteer _9117156 |
||
| 650 |
_aGeography _9117157 |
||
| 942 | _cREF | ||
| 999 |
_c26475 _d26475 |
||